Sports Quiz

Random Sports or World Cup Quiz

Multiple World Cup Winners Quiz Stats

 Plays Quiz Updated Jul 15, 2018

Also try: World Cup Winners
Challenge
Share
Tweet
Embed
Score 0/6 Timer 01:00
7 Plays Today
Championships Country % Correct
5Brazil
99.4%
2France
98.7%
4Germany
97.6%
4Italy
95.6%
2Argentina
93.2%
2Uruguay
83.1%

You're not logged in!

Compare scores with friends on all Sporcle quizzes.
Join for Free
OR
Log In

You Might Also Like...

Show Comments

Extras

Top Quizzes Today


Score Distribution

Your Account Isn't Verified!

In order to create a playlist on Sporcle, you need to verify the email address you used during registration. Go to your Sporcle Settings to finish the process.

Report this User

Report this user for behavior that violates our Community Guidelines.

Details: